| 000 | 00594nam a2200193 a 4500 | ||
|---|---|---|---|
| 001 | 000002983 | ||
| 005 | 20200929150310.0 | ||
| 008 | 090706s2008 dr a 000 0 spa d | ||
| 020 | _a9789945867312 | ||
| 040 |
_aDO-SdBNP _bspa _cBNPHU |
||
| 100 | 1 |
_aSosa, Rhina _99460 |
|
| 245 | 1 | 3 |
_aLa hora cero / _cRhina Sosa ; prefacio Altagracia Peña. |
| 260 |
_aSantiago de los Caballeros : _bMolina Composición, _c2008. |
||
| 300 |
_a85 p. : _bil. ; _c21 cm. |
||
| 500 | _aIncluye índice. | ||
| 590 | _a3 ejemplares autografidos por la autora | ||
| 700 | 1 |
_aPeña, Altagracia, _99461 |
|
| 049 | _aBNPD | ||
| 999 |
_c2815 _d2815 |
||